000
00313nam a22001217a 4500
008
230621b xxu||||| |||| 00| 0 eng d
082
_a
328.06
_b
IPU
100
_c
IPU
245
_a
109th IPU Assembly and Related Meetings
_b
Results of Proceedings
260
_a
Geneva
_b
IPU
_c
2003
300
_a
119p
942
_2
ddc
_c
BK
999
_c
2008
_d
2008